Crash of Cars Weapons Select - Find the Fakes - Statistics

General Stats
  • This quiz has been taken 6 times
  • The average score is 22 of 25
Answer Stats
Question Tile Select % Correct
the FAKE weapons in Crash of Cars! Blackhole No
100%
the FAKE weapons in Crash of Cars! Flamethrower No
100%
the FAKE weapons in Crash of Cars! Freeze Cannon No
100%
the FAKE weapons in Crash of Cars! Front Cannon No
100%
the FAKE weapons in Crash of Cars! Health No
100%
the FAKE weapons in Crash of Cars! Homing Missile No
100%
the FAKE weapons in Crash of Cars! Oil No
100%
the FAKE weapons in Crash of Cars! Railgun No
100%
the FAKE weapons in Crash of Cars! Shield No
100%
the FAKE weapons in Crash of Cars! Spikes No
100%
the FAKE weapons in Crash of Cars! Clone Yes
83%
the FAKE weapons in Crash of Cars! Flashbang Yes
83%
the FAKE weapons in Crash of Cars! Hammer Yes
83%
the FAKE weapons in Crash of Cars! Lightning Yes
83%
the FAKE weapons in Crash of Cars! Machine Gun Yes
83%
the FAKE weapons in Crash of Cars! Quick Attack Yes
83%
the FAKE weapons in Crash of Cars! Shockwave Yes
83%
the FAKE weapons in Crash of Cars! Spread Cannon No
83%
the FAKE weapons in Crash of Cars! Steel Cannon Yes
83%
the FAKE weapons in Crash of Cars! Steel Wall Yes
83%
the FAKE weapons in Crash of Cars! Teleport No
83%
the FAKE weapons in Crash of Cars! Trebuchet No
83%
the FAKE weapons in Crash of Cars! Grenades Yes
67%
the FAKE weapons in Crash of Cars! Rockets Yes
67%
the FAKE weapons in Crash of Cars! Shotgun Yes
67%
No matching quizzes found
Score Distribution
Percent of People with Each Score
Percentile by Number Answered
Your Score History
You have not taken this quiz